| 000 | 00605nam a2200193Ia 4500 | ||
|---|---|---|---|
| 003 | IN-BaIIA | ||
| 005 | 20250703112708.0 | ||
| 008 | 211028s9999 xx 000 0 eng d | ||
| 040 | _cIIA Library | ||
| 080 |
_a629.78 _bHER |
||
| 100 |
_aHerbert, A. P. _94885 |
||
| 245 | 0 |
_aWatch this space (six years of It) _ban anthology of space (fact) _cA. P. Herbert |
|
| 260 |
_aLondon _bMethuen _c1964 |
||
| 300 | _a196p. | ||
| 650 | _aAstronomy and Astrophysics Thesaurus | ||
| 650 |
_aScience-General _91764 |
||
| 650 |
_aSpace Physics _93812 |
||
| 942 |
_cBK _2ddc |
||
| 999 |
_c2724 _d2724 |
||